Lille Biggest Transfers - Statistics

General Stats
  • This quiz has been taken 30 times
  • The average score is 79 of 166
Answer Stats
% Correct
Incomings Nigeria ST Victor Osimhen 19/20 Charleroi
100%
Outgoings Nigeria ST Victor Osimhen 20/21 Napoli
100%
Incomings Canada ST Jonathan David 20/21 Gent
96%
Incomings Portugal LW Rafael Leao 18/19 Sporting CP
96%
Outgoings Portugal LW Rafael Leao 19/20 Milan
96%
Incomings Portugal CM Renato Sanches 19/20 Bayern Munich
96%
Outgoings Portugal CM Renato Sanches 22/23 Paris Saint-Germain
96%
Incomings Netherlands CB Sven Botman 20/21 Ajax
96%
Outgoings Netherlands CB Sven Botman 22/23 Newcastle United
96%
Incomings Belgium DM Amadou Onana 21/22 Hamburg
93%
Outgoings Belgium DM Amadou Onana 22/23 Everton
93%
Incomings Ivory Coast LW Gervinho 09/10 Le Mans
93%
Outgoings Ivory Coast LW Gervinho 11/12 Arsenal
93%
Incomings Cameroon DM Jean Onana 19/20 Leixoes
93%
Outgoings Cameroon DM Jean Onana 21/22 Bordeaux
93%
Incomings Ivory Coast RW Nicolas Pepe 17/18 Angers
93%
Outgoings Ivory Coast RW Nicolas Pepe 19/20 Arsenal
93%
Outgoings Belgium LW Eden Hazard 12/13 Chelsea
89%
Incomings France GK Mike Maignan 15/16 Paris Saint-Germain
89%
Outgoings France GK Mike Maignan 21/22 Milan
89%
Incomings United States RM Timothy Weah 19/20 Paris Saint-Germain
89%
Outgoings United States RM Timothy Weah 23/24 Juventus
89%
Incomings Turkey AM Yusuf Yazici 19/20 Trabzonspor
86%
Incomings Brazil CB Gabriel Magalhaes 16/17 Avai
82%
Outgoings Brazil CB Gabriel Magalhaes 20/21 Arsenal
82%
Incomings France RW Jonathan Ikone 18/19 Paris Saint-Germain
75%
Outgoings France RW Jonathan Ikone 21/22 Fiorentina
75%
Outgoings France LB Lucas Digne 13/14 Paris Saint-Germain
75%
Incomings Netherlands RW Anwar El Ghazi 16/17 Ajax
71%
Outgoings Netherlands RW Anwar El Ghazi 19/20 Aston Villa
71%
Outgoings Netherlands RW Anwar El Ghazi 18/19 Aston Villa
71%
Outgoings Belgium ST Divock Origi 14/15 Liverpool
68%
Incomings Denmark CB Simon Kjaer 13/14 Wolfsburg
68%
Outgoings Denmark CB Simon Kjaer 15/16 Fenerbahce
68%
Outgoings France RB Mathieu Debuchy 12/13 Newcastle United
64%
Incomings Algeria CM Nabil Bentaleb 23/24 Angers
64%
Incomings Cape Verde LW Ryan Mendes 12/13 Le Havre
64%
Incomings Morocco LW Sofiane Boufal 14/15 Angers
64%
Outgoings Morocco LW Sofiane Boufal 16/17 Southampton
64%
Incomings Brazil DM Thiago Mendes 17/18 Sao Paulo
64%
Outgoings Brazil DM Thiago Mendes 19/20 Lyon
64%
Outgoings France DM Boubakary Soumare 21/22 Leicester City
61%
Outgoings Cameroon DM Carlos Baleba 23/24 Brighton & Hove Albion
61%
Incomings France AM Dimitri Payet 11/12 Saint-Etienne
61%
Outgoings France AM Dimitri Payet 13/14 Marseille
61%
Incomings France RW Florian Thauvin 12/13 Bastia
61%
Outgoings France RW Florian Thauvin 13/14 Marseille
61%
Incomings Iceland LW Hakon Arnar Haraldsson 23/24 Kobenhavn
61%
Incomings France RB Kevin Malcuit 17/18 Saint-Etienne
61%
Outgoings France RB Kevin Malcuit 18/19 Napoli
61%
Incomings France AM Marvin Martin 12/13 Sochaux
61%
Outgoings Senegal ST Moussa Sow 11/12 Fenerbahce
61%
Incomings Mozambique LB Reinildo Mandava 19/20 B-SAD
61%
Outgoings Mozambique LB Reinildo Mandava 21/22 Atletico Madrid
61%
Outgoings France CM Yohan Cabaye 11/12 Newcastle United
61%
Outgoings France CB Adil Rami 11/12 Valencia
57%
Incomings France RB Djibril Sidibe 12/13 Troyes
57%
Outgoings France RB Djibril Sidibe 16/17 Monaco
57%
Incomings Brazil RW Luiz Araujo 17/18 Sao Paulo
57%
Outgoings Brazil RW Luiz Araujo 21/22 Atlanta United
57%
Incomings Guinea ST Mohamed Bayo 22/23 Clermont Foot
57%
Incomings France DM Rio Mavuba 08/09 Villarreal
57%
Outgoings Ivory Coast LW Salomon Kalou 14/15 Hertha Berlin
57%
Incomings Portugal CM Xeka 17/18 Braga
57%
Outgoings Mali CM Yves Bissouma 18/19 Brighton & Hove Albion
57%
Incomings France DM Benjamin Andre 19/20 Rennes
54%
Incomings Croatia LB Domagoj Bradaric 19/20 Hajduk Split
54%
Outgoings Croatia LB Domagoj Bradaric 22/23 Salernitana
54%
Incomings Kosovo RW Edon Zhegrova 21/22 Basel
54%
Incomings Sweden LB Gabriel Gudmundsson 21/22 Groningen
54%
Incomings Brazil LM Michel Bastos 06/07 Athletico Paranaense
54%
Outgoings Brazil LM Michel Bastos 09/10 Lyon
54%
Incomings France GK Mickael Landreau 09/10 Paris Saint-Germain
54%
Incomings Portugal RB Tiago Santos 23/24 Estoril Praia
54%
Incomings Brazil GK Leo Jardim 19/20 Rio Ave
50%
Outgoings Brazil GK Leo Jardim 22/23 Vasco da Gama
50%
Incomings France RB Sebastien Corchia 14/15 Sochaux
50%
Outgoings France RB Sebastien Corchia 17/18 Sevilla
50%
Incomings Turkey RB Zeki Celik 18/19 Istanbulspor
50%
Outgoings Turkey RB Zeki Celik 22/23 Roma
50%
Incomings Algeria RW Adam Ounas 22/23 Napoli
46%
Outgoings France CB Benjamin Pavard 16/17 Stuttgart
46%
Outgoings Senegal CM Idrissa Gueye 15/16 Aston Villa
46%
Incomings Poland AM Ludovic Obraniak 06/07 Metz
46%
Outgoings Poland AM Ludovic Obraniak 11/12 Bordeaux
46%
Incomings France ST Nolan Roux 11/12 Brest
46%
Outgoings France ST Nolan Roux 15/16 Saint-Etienne
46%
Incomings Greece GK Orestis Karnezis 20/21 Napoli
46%
Incomings Brazil DM Thiago Maia 17/18 Santos
46%
Outgoings Brazil DM Thiago Maia 21/22 Flamengo
46%
Incomings Portugal CB Tiago Djalo 19/20 Milan
46%
Incomings France CM Florent Balmont 08/09 Nice
43%
Incomings France ST Loic Remy 18/19 Las Palmas
43%
Incomings Montenegro CB Marko Basa 11/12 Lokomotiv Moscow
43%
Outgoings Guinea ST Serhou Guirassy 16/17 Koln
43%
Outgoings France CB Adama Soumaoro 21/22 Bologna
39%
Incomings Argentina DM Ignacio Miramon 23/24 Gimnasia
39%
Outgoings Mali AM Adama Traore 15/16 Monaco
36%
Outgoings Cameroon CB Aurelien Chedjou 13/14 Galatasaray
36%
Incomings Portugal ST Eder 16/17 Swansea City
36%
Outgoings Senegal LB Fode Ballo-Toure 18/19 Monaco
36%
Incomings Algeria AM Yassine Benzia 15/16 Lyon
36%
Outgoings Algeria AM Yassine Benzia 19/20 Dijon
36%
Outgoings Mali LB Youssouf Kone 19/20 Lyon
36%
Incomings Slovakia GK Adam Jakubech 17/18 Spartak Trnava
32%
Incomings France LW Alan Virginius 22/23 Sochaux
32%
Incomings Brazil CB Alexsandro 22/23 Chaves
32%
Incomings France RB Bafode Diakite 22/23 Toulouse
32%
Incomings France DM Ibrahim Amadou 15/16 Nancy
32%
Outgoings France DM Ibrahim Amadou 18/19 Sevilla
32%
Outgoings Cameroon DM Jean II Makoun 08/09 Lyon
32%
Outgoings South Africa ST Lebo Mothiba 18/19 Strasbourg
32%
Incomings France ST Nicolas de Preville 17/18 Oostende
32%
Outgoings France ST Nicolas de Preville 17/18 Bordeaux
32%
Incomings France ST Pierre-Alain Frau 07/08 Paris Saint-Germain
32%
Incomings Ivory Coast RW Abdul Kader Keita 05/06 Al-Sadd
29%
Outgoings Ivory Coast RW Abdul Kader Keita 07/08 Lyon
29%
Incomings Tunisia LW Naim Sliti 17/18 Red Star
29%
Outgoings Tunisia LW Naim Sliti 18/19 Dijon
29%
Outgoings Senegal LB Pape Souare 14/15 Crystal Palace
29%
Incomings Brazil ST Tulio de Melo 08/09 Palermo
29%
Incomings Guinea-Bissau CB Edgar Ie 17/18 Belenenses
25%
Incomings France AM Fares Bahlouli 16/17 Monaco
25%
Outgoings France LW Martin Terrier 17/18 Lyon
25%
Incomings France RW Ronny Rodelin 11/12 Nantes
25%
Outgoings France RW Ronny Rodelin 16/17 Caen
25%
Incomings France CM Soualiho Meite 12/13 Auxerre
25%
Outgoings France CM Soualiho Meite 17/18 Zulte Waregem
25%
Incomings Belgium ST Baptiste Guillaume 15/16 Lens
21%
Outgoings Belgium ST Baptiste Guillaume 17/18 Angers
21%
Incomings France DM Benoit Pedretti 11/12 Auxerre
21%
Outgoings France CM Bruno Cheyrou 02/03 Liverpool
21%
Outgoings France LB Eric Abidal 04/05 Lyon
21%
Incomings Paraguay CB Junior Alonso 16/17 Cerro Porteno
21%
Outgoings Paraguay CB Junior Alonso 20/21 Atletico Mineiro
21%
Outgoings Belgium RW Kevin Mirallas 08/09 Saint-Etienne
21%
Incomings France DM Mathieu Bodmer 03/04 Caen
21%
Outgoings France DM Mathieu Bodmer 07/08 Lyon
21%
Incomings Switzerland ST Michael Frey 14/15 Young Boys
21%
Outgoings France CB Pascal Cygan 02/03 Arsenal
21%
Incomings Slovakia ST Robert Vittek 08/09 Nuremberg
21%
Outgoings Slovakia ST Robert Vittek 10/11 Ankaragucu
21%
Outgoings Switzerland RB Stephan Lichtsteiner 08/09 Lazio
21%
Incomings France RW Eric Bautheac 15/16 Nice
18%
Outgoings Morocco LB Hamza Mendyl 18/19 Schalke
18%
Incomings Costa Rica LW John Jairo Ruiz 11/12 Saprissa
18%
Outgoings Mali RW Abdoulay Diaby 15/16 Club Brugge
14%
Outgoings Brazil LB Emerson 11/12 Benfica
14%
Incomings Ivory Coast ST Junior Tallo 15/16 Roma
14%
Incomings France LW Lenny Nangis 15/16 Caen
14%
Outgoings Nigeria RW Peter Odemwingie 07/08 Lokomotiv Moscow
14%
Incomings Bulgaria ST Vladimir Manchev 02/03 CSKA Sofia
14%
Outgoings Bulgaria ST Vladimir Manchev 04/05 Levante
14%
Outgoings Senegal CM Younousse Sankhare 16/17 Bordeaux
14%
Outgoings Congo ST Matt Moussilou 06/07 Nice
11%
Incomings France LM Philippe Brunel 02/03 Marseille
11%
Outgoings Mali CM Rominigue Kouame 21/22 Troyes
11%
Outgoings Greece CB Stathis Tavlaridis 07/08 Saint-Etienne
11%
Incomings Sweden ST Emra Tahirovic 07/08 Halmstads
7%
Incomings Colombia ST Luis Yanes 07/08 Independiente Santa Fe
7%
Outgoings France RB Matthieu Chalme 07/08 Bordeaux
7%
Incomings Guinea ST Souleymane Youla 06/07 Besiktas
7%
Incomings Togo RW Adekambi Olufade 01/02 Lokeren
4%
Outgoings Ivory Coast ST Dagui Bakari 02/03 Lens
4%
Outgoings Albania LM Edvin Murati 02/03 Iraklis
4%
Outgoings Brazil CB Rafael 08/09 Valenciennes
4%
No matching quizzes found
Score Distribution
Percent of People with Each Score
Percentile by Number Answered
Your Score History
You have not taken this quiz